00283pab a2200121 454500008004000000100001600040245003600056260000900092300001200101362000800113650001500121773002500136180718b1997 xxu||||| |||| 00| 0 eng d aDalal, A.H. aVDIS, 1997: amnesty and honesty c1997 ap.10-14 aAug aIncome tax aChartered Accountant